| Tag |
First Indicator |
Second Indicator |
Subfields |
| LEADER |
00000cam a2200000Ma 4500 |
| 001 |
in00001994621 |
| 005 |
20151031113532.0 |
| 008 |
031015s2003 nz a b 000 0 eng d |
| 020 |
|
|
|c $6.20 (pbk.)
|
| 035 |
|
|
|a (OCoLC)ocm55632405
|
| 040 |
|
|
|a UBY
|c UBY
|d TXA
|d UtOrBLW
|
| 049 |
|
|
|a TXAM
|
| 082 |
0 |
4 |
|a 592.72
|2 21
|
| 090 |
|
|
|a QL351
|b .Z75 no.314
|
| 100 |
1 |
|
|a Bertolani, Roberto.
|
| 245 |
1 |
0 |
|a Thulinius, new generic name substituting for Thulinia Bertolani, 1981 (Tardigrada, Eutardigrada) /
|c Roberto Bertolani.
|
| 246 |
1 |
7 |
|a Thulinius nom. nov.
|
| 264 |
|
1 |
|a Auckland, N.Z. :
|b Magnolia Press,
|c 2003.
|
| 300 |
|
|
|a 4 pages :
|b illustrations ;
|c 30 cm.
|
| 336 |
|
|
|a text
|b txt
|2 rdacontent
|
| 337 |
|
|
|a unmediated
|b n
|2 rdamedia
|
| 338 |
|
|
|a volume
|b nc
|2 rdacarrier
|
| 490 |
1 |
|
|a Zootaxa,
|x 1175-5326 ;
|v 314
|
| 500 |
|
|
|a Cover title.
|
| 504 |
|
|
|a Includes bibliographical references (page 4).
|
| 650 |
|
0 |
|a Tardigrada
|v Classification.
|
| 650 |
|
0 |
|a Tardigrada
|v Identification.
|
| 830 |
|
0 |
|a Zootaxa ;
|v 314.
|
| 856 |
4 |
1 |
|u http://www.mapress.com/zootaxa/2003f/zt00314.pdf
|t 0
|
| 994 |
|
|
|a C0
|b TXA
|
| 948 |
|
|
|a cataloged
|b h
|c 2004/9/22
|d c
|e blrosas
|f 11:32:42 am
|
| 999 |
|
|
|a MARS
|
| 999 |
f |
f |
|s 5f7dcf32-34a6-3f13-897a-9ff7f3cbab19
|i 48d80869-7107-3cc1-9d11-b3e9758ef904
|t 0
|
| 952 |
f |
f |
|p ric
|a Texas A&M University
|b Rellis Campus
|c Joint Library Facility
|d Remote Storage
|t 0
|e QL351 .Z75 no.314
|h Library of Congress classification
|i unmediated -- volume
|m A14831326999
|
| 998 |
f |
f |
|a QL351 .Z75 no.314
|t 0
|l Remote Storage
|